[Event "Karl Mala Memorial op 11th"]
[Site "Frankfurt"]
[Date "2008.06.29"]
[Round "7"]
[White "Reimann, Gunther"]
[Black "Feicht, Arno"]
[Result "0-1"]
[WhiteElo "1993"]
[BlackElo "2107"]
[PlyCount "26"]
[EventDate "2008.06.26"]
[EventType "swiss"]
[EventRounds "7"]
[EventCountry "GER"]
[SourceTitle "CBM 125 Extra"]
[Source "ChessBase"]
[SourceDate "2008.09.01"]
[SourceVersion "1"]
[SourceVersionDate "2008.09.01"]
[SourceQuality "1"]

1. e4 c5 2. Nf3 d6 3. d4 cxd4 4. Nxd4 Nf6 5. Nc3 Nc6 6. Be3 Ng4 7. Qd2 Nxe3 8. Qxe3 g6 9. Bb5 Bd7 10. 0-0 Bg7 11. Nce2 0-0 12. c3 Nxd4 13. Nxd4 Bxd4 0-1

[Event "Karl Mala Memorial op 11th"]
[Site "Frankfurt"]
[Date "2008.06.27"]
[Round "2"]
[White "Brustkern, Juergen"]
[Black "Reimann, Gunther"]
[Result "1-0"]
[WhiteElo "2311"]
[BlackElo "1993"]
[PlyCount "61"]
[EventDate "2008.06.26"]
[EventType "swiss"]
[EventRounds "7"]
[EventCountry "GER"]
[SourceTitle "CBM 125 Extra"]
[Source "ChessBase"]
[SourceDate "2008.09.01"]
[SourceVersion "1"]
[SourceVersionDate "2008.09.01"]
[SourceQuality "1"]

1. d4 d5 2. c4 c6 3. Nc3 Nf6 4. Nf3 e6 5. Bg5 Be7 6. cxd5 cxd5 7. e3 0-0 8. Bd3 b6 9. 0-0 Bb7 10. Rc1 a6 11. Qc2 Nbd7 12. Ne5 h6 13. Bxf6 Bxf6 14. f4 Bxe5 15. fxe5 f5 16. Ne2 Rc8 17. Qb3 Qe7 18. Nf4 Qf7 19. Qa3 g5 20. Ne2 Nb8 21. Rxc8 Rxc8 22. g4 f4 23. exf4 gxf4 24. Rxf4 Qg7 25. Qd6 Qd7 26. Qxb6 Rf8 27. Kf2 Qe7 28. Kg3 Rxf4 29. Nxf4 Nc6 30. Bxa6 Nxd4 31. Qxb7 1-0

[Event "Karl Mala Memorial op 10th"]
[Site "Griesheim"]
[Date "2006.07.23"]
[Round "7"]
[White "Reimann, Gunther"]
[Black "Zimpfer, Andreas"]
[Result "1-0"]
[WhiteElo "2006"]
[BlackElo "1655"]
[PlyCount "35"]
[EventDate "2006.07.20"]
[EventType "swiss"]
[EventRounds "7"]
[EventCountry "GER"]
[SourceTitle "CBM 113 Extra"]
[Source "ChessBase"]
[SourceDate "2006.09.14"]
[SourceVersion "1"]
[SourceVersionDate "2006.09.14"]
[SourceQuality "1"]

1. e4 e5 2. Nf3 Nc6 3. Bc4 Nf6 4. d3 Be7 5. 0-0 0-0 6. c3 d6 7. h3 Na5 8. Bb3 Nxb3 9. axb3 Ne8 10. Be3 f5 11. exf5 Bxf5 12. d4 e4 13. Nh2 Rf6 14. Nd2 Rg6 15. g4 h5 16. f3 exf3 17. Qxf3 Bd3 18. Qd5+ 1-0

[Event "Karl Mala Memorial op 10th"]
[Site "Griesheim"]
[Date "2006.07.22"]
[Round "5"]
[White "Reimann, Gunther"]
[Black "Perlitz, Sven"]
[Result "0-1"]
[WhiteElo "2006"]
[BlackElo "2173"]
[PlyCount "70"]
[EventDate "2006.07.20"]
[EventType "swiss"]
[EventRounds "7"]
[EventCountry "GER"]
[SourceTitle "CBM 113 Extra"]
[Source "ChessBase"]
[SourceDate "2006.09.14"]
[SourceVersion "1"]
[SourceVersionDate "2006.09.14"]
[SourceQuality "1"]

1. e4 c5 2. Nf3 Nc6 3. d4 cxd4 4. Nxd4 Nf6 5. Nc3 e5 6. Ndb5 d6 7. Bg5 a6 8. Na3 Be6 9. Nd5 Bxd5 10. exd5 Qa5+ 11. c3 Qxd5 12. Bxf6 Qxd1+ 13. Rxd1 gxf6 14. Bd3 d5 15. Nc2 Bc5 16. Bf5 Ne7 17. Bh3 Rd8 18. Ne3 Bxe3 19. fxe3 Nc6 20. g3 Ke7 21. Bg2 Ke6 22. Rf1 Ne7 23. Ke2 h5 24. c4 dxc4 25. Bxb7 Rxd1 26. Rxd1 Rb8 27. Bxa6 Rxb2+ 28. Rd2 Rb4 29. Rc2 Kd5 30. Kd2 Kc5 31. Kc3 Nf5 32. Rd2 Ra4 33. Bc8 Nd6 34. Bd7 Ne4+ 35. Kb2 c3+ 0-1

[Event "Karl Mala Memorial op 10th"]
[Site "Griesheim"]
[Date "2006.07.22"]
[Round "4"]
[White "Zalewski, Ulrich"]
[Black "Reimann, Gunther"]
[Result "0-1"]
[WhiteElo "1561"]
[BlackElo "2006"]
[PlyCount "36"]
[EventDate "2006.07.20"]
[EventType "swiss"]
[EventRounds "7"]
[EventCountry "GER"]
[SourceTitle "CBM 113 Extra"]
[Source "ChessBase"]
[SourceDate "2006.09.14"]
[SourceVersion "1"]
[SourceVersionDate "2006.09.14"]
[SourceQuality "1"]

1. e4 e5 2. Nf3 Nc6 3. Bc4 Be7 4. d4 exd4 5. Nxd4 d6 6. Be3 Nf6 7. f3 0-0 8. Nc3 Nxd4 9. Qxd4 Be6 10. 0-0-0 Bxc4 11. Qxc4 Nd7 12. Nd5 c6 13. Nxe7+ Qxe7 14. Qb4 Nc5 15. Rd2 Rfd8 16. Rhd1 b6 17. Bf4 d5 18. exd5 Nd3+ 0-1